Transforaminal Endoscopy for Lumbar Canal Stenosis: (Record no. 211959)

MARC details
000 -LEADER
fixed length control field 00564nam a22001817a 4500
005 - DATE AND TIME OF LATEST TRANSACTION
control field 20250625155649.0
010 ## - LCCN (DPL NO)
LC control number ENG-145546
020 ## - INTERNATIONAL STANDARD BOOK NUMBER
International Standard Book Number 9789354263040
Terms of availability 595.00
035 ## - SYSTEM CONTROL NUMBER
System control number EN-129078
037 ## - SOURCE OF ACQUISITION
Source of stock number/acquisition DBAD
082 ## - DEWEY DECIMAL CLASSIFICATION NUMBER
Classification number 617.564
Edition number 1
100 ## - MAIN ENTRY--PERSONAL NAME
Personal name Gore, Satishchandra
245 ## - TITLE STATEMENT
Title Transforaminal Endoscopy for Lumbar Canal Stenosis:
Remainder of title 3Z3 W Concepts and Practice/
Statement of responsibility, etc Satishchandra Gore
260 ## - PUBLICATION, DISTRIBUTION, ETC. (IMPRINT)
Place of publication, distribution, etc Pune
Name of publisher, distributor, etc Mission Spine Foundation
Date of publication, distribution, etc 2021
270 ## - ADDRESS
City Pune
300 ## - PHYSICAL DESCRIPTION
Extent 199p.
Dimensions 25cm(Hb)
Other physical details ill. col.
942 ## - ADDED ENTRY ELEMENTS (KOHA)
Source of classification or shelving scheme Dewey Decimal Classification
Item type English Books
Classification part 617.564
Call number suffix GOR
Holdings
Withdrawn status Lost status Not for loan Collection code Home library Current library Date acquired Source of acquisition Cost, normal purchase price Full call number Barcode Copy number Cost, replacement price Koha item type
      Non-fiction Mobile Library Mobile Library 25/06/2025 Delivery of Books Act Division 595.00 617.564 GOR EN-129078 1 595.00 English Books

© Delhi Public Library
Hit Counter
free hit counter